| 000 | 01030cam a2200337 i 4500 | ||
|---|---|---|---|
| 999 |
_c2835 _d2835 |
||
| 001 | 017278700 | ||
| 003 | UkOxU | ||
| 005 | 20230823113202.0 | ||
| 008 | 051118s2005 enka 000 0 eng | ||
| 020 | _a1405072938 | ||
| 020 | _a9781405072939 | ||
| 035 |
_a(OCoLC)ocn156542853 _z(OCoLC)156542853 |
||
| 040 |
_erda _dUkOxU _cKH8 |
||
| 082 | 0 | 4 |
_a428.6 SMI _222 |
| 090 |
_aPR9405.9.S5 _bE943 2005 |
||
| 100 | 1 |
_aSmith, Wilbur A, _eauthor. |
|
| 245 | 1 | 4 |
_aThe eye of the tiger / _cWilbur Smith. |
| 264 | 1 |
_aOxford [England] : _bMacmillan Heinemann ELT, _c2005. |
|
| 264 | 4 | _c©2005 | |
| 300 |
_a78 pages : _billustrations ; _c20 cm |
||
| 336 |
_atext _2rdacontent |
||
| 337 |
_aunmediated _2rdamedia |
||
| 338 |
_avolume _2rdacarrier |
||
| 490 | 1 | _aMacmillan readers. Intermediate level. | |
| 650 | 0 |
_aEnglish language _vTextbooks for foreign speakers. |
|
| 650 | 0 | _aReaders. | |
| 650 | 0 | _aReaders for new literates. | |
| 650 | 0 | _aShort stories. | |
| 830 | 0 |
_aMacmillan readers. _pIntermediate level. |
|
| 942 |
_2ddc _cTR |
||